Tous les ministres de la présidence Macron - Statistiques

Statistiques générales
  • Ce quiz a été pris 793 fois
    155 depuis la dernière actualisation
  • Le résultat moyen est 48 sur 175
Statistiques - réponses
xPORTEFEUILLES OCCUPÉS NOM % Correct
Premier ministre, Armées, Outre-mer, Collectivités territoriales Sébastien Lecornu
97%
Premier ministre Jean Castex
94%
Premier ministre Édouard Philippe
93%
Premier ministre, Éducation nationale, Comptes publics Gabriel Attal
93%
Éducation nationale, Première ministre, Transports, Écologie, Travail Élisabeth Borne
91%
Premier ministre, Justice François Bayrou
90%
Premier ministre Michel Barnier
88%
Culture Rachida Dati
81%
Justice, Intérieur, Comptes publics Gérald Darmanin
79%
Intérieur Bruno Retailleau
75%
Enseignement supérieur Sylvie Retailleau
75%
Armées, Économie Bruno Le Maire
74%
Écologie Nicolas Hulot
68%
Porte-parole, Relations avec le Parlement, Santé Olivier Véran
66%
Éducation nationale Pap Ndiaye
66%
Affaires Étrangères Jean-Yves Le Drian
63%
Porte-parole Sibeth Ndiaye
62%
Numérique Cédric O
60%
Armées, Travail, Santé et Solidarités, Territoires et Décentralisation Catherine Vautrin
57%
Justice Éric Dupond-Moretti
54%
Affaires étrangères, Europe, Numérique Jean-Noel Barrot
54%
Armées Florence Parly
53%
Agriculture, Ville et Logement Julien Denormandie
50%
Santé Agnès Buzyn
49%
Outre-mer Manuel Valls
49%
Économie, Industrie, Énergie Roland Lescure
49%
Porte-parole, Femme-Homme, Solidarités et Familles Aurore Bergé
47%
Intérieur, Porte-parole, Relations avec le Parlement Christophe Castaner
47%
Citoyenneté, Égalité Femme-Homme Marlène Schiappa
47%
Éducation nationale, Sports et Jeux olympiques Amélie Oudéa-Castera
46%
Transports Jean-Baptiste Djebbari
46%
Intérieur Gérard Collomb
44%
Écologie Barbara Pompili
43%
Cohésion des Territoires Jacqueline Gourault
43%
Santé François Braun
41%
Porte-parole, Énergie Maud Bregeon
41%
Biodiversité Bérangère Abba
40%
Commerce extérieur, Relations avec le Parlement, Culture Franck Riester
40%
Éducation nationale Jean-Michel Blanquer
40%
Intérieur Laurent Nunez
40%
Éducation nationale, Justice Nicole Belloubet
40%
Affaires étrangères Stéphane Séjourné
38%
Transports, Affaires européennes Clément Beaune
37%
Transports Philippe Tabarot
37%
Affaires étrangères Catherine Colonna
35%
Culture Roselyne Bachelot
35%
Logement Emmanuelle Wargon
34%
Travail et Solidarités Jean-Pierre Farandou
34%
Écologie Monique Barbut
34%
Écologie, Transition énergétique, Industrie Agnès Pannier-Runacher
32%
Santé et Prévention Aurélien Rousseau
32%
Transition écologique et solidaire Brune Poirson
32%
Territoires, Ruralité, Artisanat Françoise Gatel
32%
Biodiversité, Mer Hervé Berville
31%
Ruralité Michel Fournier
31%
Porte-parole, Jeunesse et Service national universel Prisca Thevenot
31%
Cohésion des territoires Richard Ferrand
31%
Culture Rima Abdul-Malak
31%
Europe Benjamin Haddad
29%
Écologie, Collectivités territoriales Christophe Béchu
29%
Travail, Comptes publics Olivier Dussopt
29%
Comptes publics, Écologie, Fonction publique, Affaires européennes Amélie de Montchalin
28%
Agriculture Annie Genevard
28%
Budget, Fonction publique et Réforme de l'État David Amiel
28%
Écologie François de Rugy
28%
Culture Françoise Nyssen
28%
Fonction publique, Logement Guillaume Kasbarian
28%
Commerce Extérieur, Budget Laurent Saint-Martin
28%
Ville Nadia Hai
28%
Outre-mer Yael Braun-Pivet
26%
Éducation nationale Édouard Geffray
25%
Outre-mer, Fonction publique et Numérique Naïma Moutchou
25%
PME et Commerce et Tourisme, Porte-parole, Économie solidaire Olivia Gregoire
25%
PME et Artisanat Serge Papin
25%
Logement Valérie Letard
25%
Économie Antoine Armand
24%
Économie et Finances Éric Lombard
24%
Agriculture Jacques Mézard
24%
Cohésion des territoires Joel Giraud
24%
Agriculture, Relations avec le Parlement Marc Fesneau
24%
Travail Muriel Pénicaud
24%
Égalité femmes-hommes Salima Saa
24%
Mer, Outre-mer Annick Girardin
22%
Porte-parole Benjamin Griveaux
22%
Personnes handicapées, Anciens combattants Geneviève Darrieussecq
22%
Sports Laura Flessel
22%
Relations avec le Parlement Laurent Panifous
22%
Sports Roxana Maracineanu
22%
Industrie Sébastien Martin
22%
Culture Catherine Pégard
21%
Enseignement supérieur Frédérique Vidal
21%
Sports, Économie du tourisme, Numérique Marina Ferrari
21%
Citoyenneté Sonia Backès
21%
Fonction publique Stanislas Guérini
21%
Armées Sylvie Goulard
21%
Santé, Autonomie Brigitte Bourguignon
19%
Justice Didier Migaud
19%
Europe Laurence Boone
19%
Industrie et Énergie Marc Ferracci
19%
Enfance et Famille, Biodiversité, Jeunesse et Service national universel Sarah El Hairy
19%
Santé Stéphanie Rist
19%
Travail et Emploi Astrid Panosyan
18%
Égalité Femme-Homme Elisabeth Moreno
18%
Territoires et Décentralisation François Rebsamen
18%
Solidarités et Personnes handicapées Jean-François Combe
18%
Fonction publique et Action publique Laurent Marcangeli
18%
Affaires européennes Nathalie Loiseau
18%
Enseignement supérieur et Recherche Philippe Baptiste
18%
Formation professionnelle, Citoyenneté, Ville Sabrina Agresti-Roubache
18%
Ville et Logement Vincent Jeanbrun
18%
Santé Yannick Neuder
18%
Santé, Organisation territoriale et Professions de santé Agnès Firmin Le Bodo
16%
Anciens Combattants Alice Rufo
16%
Éducation nationale Anne Genetet
16%
Égalité Femme-Homme, Biodiversité Bérangère Couillard
16%
Francophonie et partenariats internationaux Chrysoula Zacharopoulou
16%
Solidarités et Personnes handicapées Damien Abad
16%
Santé et Prévention Frédéric Valletoux
16%
Affaires européennes Marielle de Sarnez
16%
Relations avec le Parlement, Transition écologique Mathieu Lefèvre
16%
Enseignement supérieur Patrick Hetzel
16%
Porte-parole, Commerce extérieur Sophie Primas
16%
Comptes publics Thomas Cazenave
16%
Enfance Charlotte Caubel
15%
Intelligence artificielle et Numérique Clara Chappaz
15%
Égalité Femme-Homme Isabelle Rome
15%
Personnes handicapées Sophie Cluzel
15%
Anciens combattants Jean-Louis Thiériot
13%
Sports et Jeunesse Marie Barsacq
13%
Numérique Mounir Mahjoubi
13%
Commerce et Artisanat Véronique Louwagie
13%
Insertion Brigitte Klinkert
12%
Collectivités territoriales Caroline Cayeux
12%
Agriculture Didier Guillaume
12%
Territoires et Logement Éric Woerth
12%
Ville Juliette Méadel
12%
Retraites Laurent Pietraszewski
12%
Relations avec le Parlement Marie Lebec
12%
Numérique et IA Anne Le Hénanff
10%
Handicap et Autonomie Charlotte Parmentier-Lecocq
9%
Anciens combattants Patricia Miralles
9%
Mer et Pêche Catherine Chabaud
7%
Collectivités territoriales, Ruralité Dominique Faure
7%
Outre-mer François-Noel Buffet
7%
Énergie Olga Givernet
7%
Transports, Logement Patrice Vergriete
7%
Solidarités Paul Christophe
7%
Agriculture Stéphane Travert
7%
Citoyenneté Marie-Pierre Vedrenne
6%
Commerce extérieur Nicolas Forissier
6%
Ville et Logement Olivier Klein
6%
Francophonie Éléonor Caroit
4%
Sports Gil Avérous
4%
Outre-mer Jean-François Carenco
4%
Coordination gouvernementale Marie-Claire Carrère-Gée
4%
Citoyenneté Othman Nasrou
4%
Relations avec le Parlement Patrick Mignola
4%
Outre-mer Philippe Vigier
4%
Enfance et Familles Adrien Taquet
3%
Personnes handicapées Fadila Khattabi
3%
Consommation Laurence Garnier
3%
Économie sociale et solidaire Marie-Agnès Poussier-Winsback
3%
Outre-mer Marie Guevenoux
3%
Formation professionelle Carole Grandjean
1%
Mer et Pêche Fabrice Loher
1%
Transports François Durovray
1%
Tourisme Jean-Baptiste Lemoyne
1%
Tourisme, Relations avec le Parlement Nathalie Delattre
1%
Attractivité et Français de l'étranger Olivier Becht
1%
Famille et Enfance Agnès Canayer
0%
Réussite scolaire Alexandre Potier
0%
Mer Justine Bénin
0%
Éducation prioritaire Nathalie Elimas
0%
Sécurité du quotidien Nicolas Daragon
0%
Francophonie Thani Mohamed Soilihi
0%
Aucun quiz correspondant
Distribution des résultats
% des personnes avec chaque résultat
Percentile par nombre de réponses
Votre historique - résultats
Vous n’avez pas pris ce quiz depuis la dernière actualisation